[Event "Barcelona Lleida op"]
[Site "Barcelona"]
[Date "2019.05.18"]
[Round "5.3"]
[White "Cardona Alcaide, Roberto"]
[Black "Villa Gimenez, Carmelo"]
[Result "0-1"]
[WhiteElo "2013"]
[BlackElo "1846"]
[PlyCount "94"]
[EventDate "2019.04.06"]
[EventType "swiss"]
[EventRounds "9"]
[EventCountry "ESP"]
[SourceTitle "EXT 2024"]
[Source "ChessBase"]
[SourceDate "2023.10.10"]
[SourceVersion "1"]
[SourceVersionDate "2023.10.10"]
[SourceQuality "1"]

1. g3 Nf6 2. Bg2 d5 3. f4 g6 4. Nf3 Bg7 5. 0-0 0-0 6. d3 c5 7. Qe1 d4 8. Na3 Nc6 9. Nc4 Nd5 10. a4 Ndb4 11. Na3 e5 12. fxe5 Nxe5 13. Nxe5 Bxe5 14. c3 Nd5 15. Nc4 Bg7 16. Bd2 Bg4 17. e4 Nb6 18. Nxb6 Qxb6 19. Rb1 Qa6 20. e5 Bf5 21. Rxf5 gxf5 22. Qf1 Rae8 23. Re1 Rxe5 24. Rxe5 Bxe5 25. Qxf5 Qe6 26. Qh5 Bg7 27. Be4 h6 28. Qxc5 Rc8 29. Qxa7 dxc3 30. bxc3 Bxc3 31. Bf4 Rd8 32. Qxb7 f5 33. Bxf5 Bd4+ 34. Kg2 Qxf5 35. Bxh6 Qf2+ 36. Kh3 Qf5+ 37. g4 Qxd3+ 38. Kh4 Bf6+ 39. g5 Rd4+ 40. Kh5 Qh3+ 41. Kg6 Qd3+ 42. Kxf6 Rf4+ 43. Ke5 Qe3+ 44. Kd6 Rd4+ 45. Kc7 Qc3+ 46. Kb8 Rb4 47. Ka7 Rxb7+ 0-1

[Event "Tarrega Lleida op"]
[Site "Tarrega"]
[Date "2017.05.20"]
[Round "5.7"]
[White "Montagut Gonzalez, Joan"]
[Black "Cardona Alcaide, Roberto"]
[Result "0-1"]
[WhiteElo "1494"]
[BlackElo "2012"]
[PlyCount "96"]
[EventDate "2017.04.22"]
[EventType "swiss"]
[EventRounds "8"]
[EventCountry "ESP"]
[SourceTitle "EXT 2024"]
[Source "ChessBase"]
[SourceDate "2023.10.10"]
[SourceVersion "1"]
[SourceVersionDate "2023.10.10"]
[SourceQuality "1"]

1. d4 Nf6 2. Bf4 d5 3. e3 Bf5 4. Bd3 Bg6 5. Nf3 e6 6. 0-0 Nbd7 7. c4 c6 8. Nc3 Be7 9. Rc1 Nh5 10. Bg3 Nxg3 11. hxg3 Bd6 12. cxd5 exd5 13. Re1 0-0 14. Bxg6 fxg6 15. Rc2 Nf6 16. Rce2 Qb6 17. Qb1 Rad8 18. a3 a5 19. Qa2 Kh8 20. e4 dxe4 21. Nxe4 Nxe4 22. Rxe4 h6 23. Re6 Kh7 24. Qb1 Rf6 25. Rxf6 gxf6 26. Qa2 Qc7 27. Qe6 Kg7 28. Nd2 Qf7 29. Nc4 Bc7 30. Qxf7+ Kxf7 31. Rd1 b5 32. Ne3 Bb6 33. Nc2 f5 34. Kf1 c5 35. d5 c4 36. d6 Ke6 37. Nd4+ Bxd4 38. Rxd4 Rxd6 39. Rxd6+ Kxd6 40. Ke2 g5 41. Ke3 Kd5 42. f3 Ke5 43. f4+ Kd5 44. g4 fxg4 45. g3 b4 46. f5 c3 47. bxc3 bxa3 48. Kd2 a2 0-1

[Event "Tarrega Lleida op"]
[Site "Tarrega"]
[Date "2017.05.13"]
[Round "4.7"]
[White "Cardona Alcaide, Roberto"]
[Black "Estruch Andreu, Guim"]
[Result "1/2-1/2"]
[WhiteElo "2012"]
[BlackElo "1558"]
[PlyCount "134"]
[EventDate "2017.04.22"]
[EventType "swiss"]
[EventRounds "8"]
[EventCountry "ESP"]
[SourceTitle "EXT 2024"]
[Source "ChessBase"]
[SourceDate "2023.10.10"]
[SourceVersion "1"]
[SourceVersionDate "2023.10.10"]
[SourceQuality "1"]

1. e4 c5 2. c3 d5 3. exd5 Qxd5 4. Nf3 Bg4 5. Be2 Nc6 6. d4 cxd4 7. cxd4 e6 8. 0-0 Nf6 9. Nc3 Qd8 10. Be3 Be7 11. Qb3 Qb6 12. Qxb6 axb6 13. Rfd1 Rd8 14. h3 Bh5 15. g4 Bg6 16. Ne5 Nd5 17. Nxd5 Rxd5 18. Bf3 Rd6 19. Nxc6 bxc6 20. Bf4 Rd8 21. Bxc6+ Kf8 22. Rac1 h5 23. g5 h4 24. a4 Bd6 25. Bxd6+ Rxd6 26. Be4 Rh5 27. Bb7 Rxg5+ 28. Kh2 Ke7 29. b4 Rf5 30. Rd2 Bh5 31. Rc3 Rd7 32. Bg2 Rf4 33. Rc6 Rd6 34. Rxd6 Kxd6 35. a5 bxa5 36. bxa5 Bf3 37. Bf1 Rf5 38. Ra2 Kc7 39. a6 Kb8 40. Rb2+ Ka7 41. Rc2 Be4 42. Rd2 Bc6 43. Rb2 Rf4 44. Rd2 Rf5 45. Rc2 Bb5 46. Bxb5 Rxb5 47. Rc7+ Kxa6 48. Rxf7 Rf5 49. Rxg7 Rxf2+ 50. Kg1 Rf4 51. Rg4 Rf5 52. Rxh4 Kb5 53. Re4 Kc4 54. Kg2 Kd5 55. Rg4 e5 56. dxe5 Kxe5 57. Kg3 Kf6 58. Kh4 Ra5 59. Rg8 Kf7 60. Rg3 Rb5 61. Kg4 Kg7 62. h4 Kh6 63. Re3 Rb4+ 64. Kh3 Kh5 65. Re5+ Kh6 66. Kg3 Ra4 67. h5 Rb4 1/2-1/2

[Event "Barcelona Sant Marti op 6th"]
[Site "Barcelona"]
[Date "2017.02.09"]
[Round "5"]
[White "Niubo Calvo, Juan"]
[Black "Cardona Alcaide, Roberto"]
[Result "0-1"]
[WhiteElo "1816"]
[BlackElo "2023"]
[PlyCount "62"]
[EventDate "2017.01.12"]
[EventType "swiss"]
[EventRounds "9"]
[EventCountry "ESP"]
[SourceTitle "EXT 2018"]
[Source "ChessBase"]
[SourceDate "2017.10.13"]
[SourceVersion "1"]
[SourceVersionDate "2017.10.13"]
[SourceQuality "1"]

1. e4 e5 2. Nf3 Nc6 3. d4 exd4 4. Nxd4 Nf6 5. Nxc6 bxc6 6. e5 Qe7 7. Qe2 Nd5 8. c4 Ba6 9. b3 Qh4 10. Bb2 Bb4+ 11. Nd2 0-0 12. 0-0-0 Nc3 13. Bxc3 Bxc3 14. Nf3 Qe7 15. Qc2 Bxe5 16. Bd3 g6 17. g3 Bg7 18. h4 c5 19. h5 Bb7 20. Rhe1 Qf6 21. Nd2 Qxf2 22. hxg6 fxg6 23. Re7 Rf7 24. Rf1 Qxf1+ 25. Nxf1 Rxe7 26. a4 Re1+ 27. Kd2 Rae8 28. g4 Bh6+ 29. Ne3 R8xe3 30. Kc3 Rxd3+ 31. Qxd3 Re3 0-1

[Event "Salou op U2200 1st"]
[Site "Salou"]
[Date "2016.05.01"]
[Round "6"]
[White "Cardona Alcaide, Roberto"]
[Black "Iglesias Fernandez, Luis"]
[Result "1-0"]
[WhiteElo "2016"]
[BlackElo "1839"]
[PlyCount "55"]
[EventDate "2016.04.29"]
[EventType "swiss"]
[EventRounds "6"]
[EventCountry "ESP"]
[SourceTitle "CBM 172 Extra"]
[Source "ChessBase"]
[SourceDate "2016.06.21"]
[SourceVersion "1"]
[SourceVersionDate "2016.06.21"]
[SourceQuality "1"]

1. e4 g6 2. d4 Bg7 3. Nc3 d6 4. Bf4 Nf6 5. Qd2 0-0 6. 0-0-0 c6 7. Nf3 Bg4 8. Be2 b5 9. h3 b4 10. hxg4 bxc3 11. Qxc3 Nxg4 12. Bg3 c5 13. e5 Nc6 14. Ng5 Nh6 15. dxc5 Nf5 16. Rxh7 Nxg3 17. Rxg7+ Kxg7 18. exd6+ e5 19. Qxg3 Qf6 20. Bf3 Rac8 21. d7 Rc7 22. Rd6 Qe7 23. Bxc6 Rh8 24. Nxf7 Qxf7 25. Qxe5+ Kh7 26. d8Q Rxd8 27. Rxd8 Qg7 28. Qxg7+ 1-0

[Event "Salou op U2200 1st"]
[Site "Salou"]
[Date "2016.05.01"]
[Round "5"]
[White "Cardona Alcaide, Roberto"]
[Black "Solano Lasierra, Javier"]
[Result "0-1"]
[WhiteElo "2016"]
[BlackElo "2117"]
[PlyCount "86"]
[EventDate "2016.04.29"]
[EventType "swiss"]
[EventRounds "6"]
[EventCountry "ESP"]
[SourceTitle "CBM 172 Extra"]
[Source "ChessBase"]
[SourceDate "2016.06.21"]
[SourceVersion "1"]
[SourceVersionDate "2016.06.21"]
[SourceQuality "1"]

1. c4 e5 2. Nc3 Nf6 3. g3 Bb4 4. Bg2 c6 5. e4 0-0 6. Nge2 Re8 7. 0-0 d6 8. a3 Ba5 9. h3 Nbd7 10. Qc2 Nf8 11. d4 Bxc3 12. bxc3 b6 13. f4 Qc7 14. fxe5 dxe5 15. Be3 Ng6 16. Rad1 Bb7 17. Rf5 Nd7 18. h4 Ne7 19. Rf2 Rf8 20. h5 Rad8 21. g4 Nc8 22. Ng3 Nd6 23. Bf1 Rde8 24. Nf5 Nxf5 25. gxf5 exd4 26. Bf4 Qd8 27. Rxd4 c5 28. Rd6 Qe7 29. Bg2 Ne5 30. Rd1 Qh4 31. Qe2 Ng4 32. Rff1 Bxe4 33. Bxe4 Nf6 34. Qf2 Qxf2+ 35. Rxf2 Rxe4 36. h6 g6 37. Bd6 Rd8 38. fxg6 Rg4+ 39. Kf1 Rxg6 40. Ke2 Ne4 41. Rd5 Nxf2 42. Kxf2 Rgxd6 43. Rg5+ Rg6 0-1

[Event "Figueres Nadal op 5th"]
[Site "Figueres"]
[Date "2016.01.03"]
[Round "5"]
[White "Cardona Alcaide, Roberto"]
[Black "Asensio Linan, Teodoro"]
[Result "0-1"]
[WhiteElo "2001"]
[BlackElo "2144"]
[PlyCount "76"]
[EventDate "2016.01.02"]
[EventType "swiss"]
[EventRounds "7"]
[EventCountry "ESP"]
[SourceTitle "EXT 2017"]
[Source "ChessBase"]
[SourceDate "2016.10.25"]
[SourceVersion "1"]
[SourceVersionDate "2016.10.25"]
[SourceQuality "1"]

1. e4 g6 2. d4 Bg7 3. Nc3 c5 4. d5 d6 5. Bd3 Nf6 6. Nge2 0-0 7. Be3 Ng4 8. Bg5 h6 9. Bh4 Na6 10. 0-0 Nb4 11. Nc1 Nxd3 12. Nxd3 c4 13. Ne1 b5 14. h3 Nf6 15. f4 b4 16. e5 Ne8 17. Ne4 dxe5 18. d6 Nxd6 19. Nxd6 Qb6+ 20. Kh1 exd6 21. Be7 Re8 22. Qxd6 Qb7 23. Bf6 Bf8 24. Qd2 c3 25. bxc3 Qa6 26. Nd3 bxc3 27. Qxc3 Qxf6 28. fxe5 Qe7 29. Rae1 Bf5 30. Nf4 Rac8 31. Qg3 Bg7 32. Nd5 Qg5 33. Qa3 Rxc2 34. Ne3 Be4 35. Rg1 Rd2 36. Ng4 Rd3 37. Qa4 Rxh3+ 38. Nh2 Rxh2+ 0-1

[Event "Tarrega Tardor op 1st"]
[Site "Tarrega"]
[Date "2015.11.20"]
[Round "8"]
[White "Campos Olaya, Israel"]
[Black "Cardona Alcaide, Roberto"]
[Result "1/2-1/2"]
[WhiteElo "2314"]
[BlackElo "2187"]
[PlyCount "135"]
[EventDate "2015.10.02"]
[EventType "swiss"]
[EventRounds "8"]
[EventCountry "ESP"]
[SourceTitle "CBM 169 Extra"]
[Source "ChessBase"]
[SourceDate "2015.12.18"]
[SourceVersion "1"]
[SourceVersionDate "2015.12.18"]
[SourceQuality "1"]

1. e4 e6 2. d4 d5 3. Nd2 c5 4. Ngf3 cxd4 5. exd5 Qxd5 6. Bc4 Qd6 7. 0-0 Nf6 8. Nb3 Nc6 9. Nbxd4 Nxd4 10. Nxd4 Be7 11. Nb5 Qb8 12. Qd4 e5 13. Qd3 0-0 14. Re1 Rd8 15. Qc3 a6 16. Nc7 Bb4 17. Qxb4 Qxc7 18. Be3 b5 19. Bb3 Nd5 20. Qc5 Qxc5 21. Bxc5 f6 22. a4 Be6 23. axb5 axb5 24. Bb6 Re8 25. Rxa8 Rxa8 26. g3 Kf7 27. Bc5 g5 28. Rd1 Rd8 29. c4 bxc4 30. Bxc4 Rd7 31. b4 Nb6 32. Bxe6+ Kxe6 33. Ra1 Nd5 34. Ra6+ Kf5 35. Ra1 Nc3 36. h3 h5 37. Kg2 h4 38. g4+ Kf4 39. Ra3 Nb5 40. Rf3+ Ke4 41. Rxf6 Nd4 42. Rg6 Nf3 43. Rd6 Rb7 44. Rd1 Nd4 45. Ra1 Rd7 46. Ra3 Ne6 47. Be3 Nf4+ 48. Bxf4 exf4 49. b5 Rb7 50. Ra4+ Kd3 51. Ra5 Rb6 52. Kf3 Kd4 53. Ra4+ Kd3 54. Ra8 Rxb5 55. Rd8+ Kc4 56. Ke4 Kc3 57. Rd7 Ra5 58. Rf7 Kd2 59. Rf5 Ra4+ 60. Kf3 Ra3+ 61. Kg2 Ke2 62. Re5+ Kd2 63. f3 Ra2 64. Kf1 Kd3 65. Rxg5 Ke3 66. Rb5 Ra1+ 67. Kg2 Ra2+ 68. Kg1 1/2-1/2

[Event "Tarrega Tardor op 1st"]
[Site "Tarrega"]
[Date "2015.11.06"]
[Round "6"]
[White "Massot Ribe, Jesus"]
[Black "Cardona Alcaide, Roberto"]
[Result "1/2-1/2"]
[WhiteElo "1965"]
[BlackElo "2187"]
[PlyCount "161"]
[EventDate "2015.10.02"]
[EventType "swiss"]
[EventRounds "8"]
[EventCountry "ESP"]
[SourceTitle "CBM 169 Extra"]
[Source "ChessBase"]
[SourceDate "2015.12.18"]
[SourceVersion "1"]
[SourceVersionDate "2015.12.18"]
[SourceQuality "1"]

1. d4 Nf6 2. Nf3 c5 3. c4 cxd4 4. Nxd4 g6 5. Nc3 Bg7 6. e4 d6 7. Be2 0-0 8. Be3 Nc6 9. Qd2 Bd7 10. f3 Nxd4 11. Bxd4 Bc6 12. g4 Qa5 13. g5 Nd7 14. Bxg7 Kxg7 15. 0-0-0 a6 16. Kb1 Qc5 17. Nd5 Bxd5 18. exd5 b5 19. Qd4+ Qxd4 20. Rxd4 b4 21. h4 a5 22. h5 Rac8 23. f4 f5 24. hxg6 hxg6 25. Rd3 Rh8 26. Rdh3 Rxh3 27. Rxh3 Nc5 28. Re3 Rc7 29. Bf3 a4 30. b3 a3 31. Kc2 Kf7 32. Re1 Rc8 33. Rh1 Kg7 34. Bg2 Rh8 35. Rxh8 Kxh8 36. Bf3 Kg7 37. Bg2 Kf7 38. Bf3 Ke8 39. Bg2 Kd7 40. Bf3 e5 41. fxe5 dxe5 42. Bg2 e4 43. Bf1 Kd6 44. Be2 Ke5 45. Bd1 Kf4 46. Kd2 Kxg5 47. Ke3 Nd3 48. Kd4 Nc1 49. Ke5 Nd3+ 50. Ke6 Nc5+ 51. Kd6 Nd3 52. Ke7 f4 53. d6 Nc5 54. d7 Nxd7 55. Kxd7 f3 56. c5 Kf4 57. c6 e3 58. Bxf3 Kxf3 59. c7 e2 60. c8Q e1Q 61. Qc6+ Qe4 62. Qf6+ Qf5+ 63. Ke7 Ke4 64. Qc6+ Kd4 65. Qc4+ Ke3 66. Qxb4 Qe5+ 67. Kf7 Qb2 68. Qc5+ Kd3 69. Qc4+ Kd2 70. Qf4+ Kc2 71. Qe4+ Kc1 72. Qe1+ Kc2 73. Qe4+ Kc3 74. Qe3+ Kc2 75. Qe4+ Kd1 76. Qh1+ Kc2 77. Qe4+ Kc3 78. Qe3+ Kc2 79. Qe4+ Kd1 80. Qh1+ Kc2 81. Qe4+ 1/2-1/2

[Event "Vallfogona Hostal Nou op"]
[Site "Vallfogona de Balaguer"]
[Date "2014.06.14"]
[Round "8"]
[White "Cardona Alcaide, Roberto"]
[Black "Sole Pijuan, Ferran"]
[Result "1/2-1/2"]
[WhiteElo "2164"]
[BlackElo "2039"]
[PlyCount "104"]
[EventDate "2014.04.26"]
[EventType "swiss"]
[EventRounds "8"]
[EventCountry "ESP"]
[SourceTitle "EXT 2015"]
[Source "ChessBase"]
[SourceDate "2014.11.20"]
[SourceVersion "1"]
[SourceVersionDate "2014.11.20"]
[SourceQuality "1"]

1. e4 e5 2. d4 exd4 3. Qxd4 Nc6 4. Qe3 Bb4+ 5. Nc3 d6 6. Bd2 Be6 7. 0-0-0 Qd7 8. f4 f6 9. Nf3 0-0-0 10. Bb5 Bc5 11. Qe2 Kb8 12. Be3 Bxe3+ 13. Qxe3 Nge7 14. Nd5 Rhe8 15. Qc3 a6 16. Ba4 Bg8 17. Rhe1 f5 18. Nxe7 Rxe7 19. Ne5 Qe6 20. Bb3 Qh6 21. Nxc6+ bxc6 22. Qxc6 Bxb3 23. axb3 Qxf4+ 24. Kb1 Rxe4 25. Qxa6 Qf2 26. Rxe4 fxe4 27. Rd5 Qg1+ 28. Ka2 Qa7 29. Qxa7+ Kxa7 30. Rd2 Re8 31. b4 e3 32. Re2 d5 33. Kb3 Kb6 34. Kc3 Kb5 35. Kd4 Kxb4 36. Kxd5 c5 37. c3+ Kb5 38. b3 h5 39. h4 Re7 40. g3 Re8 41. b4 cxb4 42. cxb4 Kxb4 43. Kd4 Rd8+ 44. Kxe3 Re8+ 45. Kf3 Rxe2 46. Kxe2 Kc4 47. Kf3 Kd5 48. Kf4 Kd4 49. Kg5 Ke5 50. Kxh5 Kf5 51. g4+ Kf6 52. g5+ Kf5 1/2-1/2

[Event "Vallfogona Hostal Nou op"]
[Site "Vallfogona de Balaguer"]
[Date "2014.06.07"]
[Round "7"]
[White "Barbero Sendic, Alejandro"]
[Black "Cardona Alcaide, Roberto"]
[Result "1-0"]
[WhiteElo "2416"]
[BlackElo "2164"]
[PlyCount "53"]
[EventDate "2014.04.26"]
[EventType "swiss"]
[EventRounds "8"]
[EventCountry "ESP"]
[SourceTitle "EXT 2015"]
[Source "ChessBase"]
[SourceDate "2014.11.20"]
[SourceVersion "1"]
[SourceVersionDate "2014.11.20"]
[SourceQuality "1"]

1. e4 e5 2. Bc4 Nf6 3. d3 Bc5 4. Nf3 d6 5. c3 Nc6 6. b4 Bb6 7. a4 a6 8. a5 Ba7 9. Bg5 h6 10. Bh4 g5 11. Bg3 Be6 12. Nbd2 Qd7 13. b5 axb5 14. Bxb5 g4 15. Nxe5 dxe5 16. Bxe5 Nxe5 17. Bxd7+ Nfxd7 18. Qc2 Nc5 19. d4 Ncd3+ 20. Kf1 0-0-0 21. a6 b5 22. g3 b4 23. dxe5 Nxf2 24. Kg2 Nxh1 25. Kxh1 bxc3 26. Qxc3 Bd4 27. Qc6 1-0

[Event "Vallfogona de Lleida op"]
[Site "Vallfogona de Balaguer"]
[Date "2012.06.08"]
[Round "8"]
[White "Pareja Guerrero, Francisco J"]
[Black "Cardona Alcaide, Roberto"]
[Result "1/2-1/2"]
[WhiteElo "1636"]
[BlackElo "1987"]
[PlyCount "108"]
[EventDate "2012.04.20"]
[EventType "swiss"]
[EventRounds "8"]
[EventCountry "ESP"]
[SourceTitle "EXT 2015"]
[Source "ChessBase"]
[SourceDate "2014.11.20"]
[SourceVersion "1"]
[SourceVersionDate "2014.11.20"]
[SourceQuality "1"]

1. d4 Nf6 2. Nf3 c5 3. e3 d5 4. b3 e6 5. Bd3 Nc6 6. 0-0 Bd6 7. Bb2 0-0 8. Ne5 Nd7 9. f4 f5 10. Nd2 cxd4 11. Nxc6 bxc6 12. exd4 Nf6 13. c4 Ba6 14. Qe2 Qd7 15. a3 Rab8 16. b4 Ne4 17. c5 Bxd3 18. Qxd3 Nxd2 19. Qxd2 Bc7 20. Rae1 g6 21. Qe2 Kf7 22. Qa6 Rfe8 23. g3 Bd8 24. Bc1 Bf6 25. Be3 Qb7 26. Qxb7+ Rxb7 27. Rb1 Reb8 28. Rfd1 a5 29. Rd3 Ke7 30. Rdb3 Kd7 31. Kf2 Rb5 32. Ke2 Kc7 33. Kd3 axb4 34. axb4 Ra8 35. Bd2 Ra2 36. h4 Bxd4 37. Kxd4 Rxd2+ 38. Ke5 Re2+ 39. Kf6 Kb8 40. Ra1 Re4 41. Rba3 Rexb4 42. Ra8+ Kc7 43. Rh8 Rxc5 44. Rxh7+ Kb6 45. Rh8 Rc3 46. Kxe6 Rxg3 47. Kd6 Kb5 48. Rc1 d4 49. Rxc6 d3 50. Rc5+ Ka4 51. Rc3 Rb6+ 52. Kc5 Rb5+ 53. Kc4 Rb4+ 54. Kc5 Rxf4 1/2-1/2

[Event "Vallfogona de Lleida op"]
[Site "Vallfogona de Balaguer"]
[Date "2012.04.27"]
[Round "2"]
[White "Cardona Alcaide, Roberto"]
[Black "Fortuny Profitos, Jordi"]
[Result "1-0"]
[WhiteElo "1987"]
[BlackElo "1771"]
[PlyCount "53"]
[EventDate "2012.04.20"]
[EventType "swiss"]
[EventRounds "8"]
[EventCountry "ESP"]
[SourceTitle "EXT 2015"]
[Source "ChessBase"]
[SourceDate "2014.11.20"]
[SourceVersion "1"]
[SourceVersionDate "2014.11.20"]
[SourceQuality "1"]

1. e4 e5 2. Nf3 Nf6 3. Nxe5 d6 4. Nc4 Nxe4 5. Nc3 Nxc3 6. dxc3 Nc6 7. g3 Be6 8. Ne3 Be7 9. Bg2 Qd7 10. Nd5 0-0-0 11. Be3 Rde8 12. Nxe7+ Rxe7 13. Qd2 Kb8 14. 0-0-0 Ne5 15. Qd4 b6 16. Qe4 c6 17. Bf4 Bg4 18. Bxe5 Bxd1 19. Rxd1 Rxe5 20. Qxe5 Rd8 21. Qxg7 Qe6 22. b3 d5 23. Qxh7 c5 24. Qh4 Kc7 25. Qf4+ Kc8 26. h4 b5 27. Qe3 1-0

[Event "Bellpuig op 2nd"]
[Site "Bellpuig"]
[Date "2012.02.25"]
[Round "7"]
[White "Cardona Alcaide, Roberto"]
[Black "Vera Balague, Gabriel"]
[Result "1-0"]
[WhiteElo "1976"]
[BlackElo "1927"]
[PlyCount "57"]
[EventDate "2012.01.14"]
[EventType "swiss"]
[EventRounds "8"]
[EventCountry "ESP"]
[SourceTitle "EXT 2014"]
[Source "ChessBase"]
[SourceDate "2013.11.20"]
[SourceVersion "1"]
[SourceVersionDate "2013.11.20"]
[SourceQuality "1"]

1. e4 Nf6 2. e5 Nd5 3. d4 d6 4. c4 Nb6 5. f4 g6 6. Nc3 Bg7 7. Be3 0-0 8. Nf3 dxe5 9. fxe5 Be6 10. b3 c5 11. d5 Bg4 12. Bf4 N6d7 13. Qe2 Qa5 14. Rc1 a6 15. Kf2 Qc7 16. Re1 Bxf3 17. gxf3 f6 18. d6 exd6 19. Nd5 Qd8 20. e6 Re8 21. Bxd6 Ne5 22. Bc7 Qc8 23. Bh3 Nbc6 24. f4 Nd4 25. Qf1 Nef3 26. Re3 f5 27. e7 Nd2 28. Qe1 Ne4+ 29. Rxe4 1-0

[Event "Bellpuig op 2nd"]
[Site "Bellpuig"]
[Date "2012.01.14"]
[Round "1"]
[White "Cardona Alcaide, Roberto"]
[Black "Farre Morell, Artur"]
[Result "1-0"]
[WhiteElo "1976"]
[BlackElo "2105"]
[PlyCount "39"]
[EventDate "2012.01.14"]
[EventType "swiss"]
[EventRounds "8"]
[EventCountry "ESP"]
[SourceTitle "EXT 2014"]
[Source "ChessBase"]
[SourceDate "2013.11.20"]
[SourceVersion "1"]
[SourceVersionDate "2013.11.20"]
[SourceQuality "1"]

1. d4 Nf6 2. Nf3 g6 3. c4 Bg7 4. Nc3 0-0 5. e4 d6 6. Be2 Nbd7 7. 0-0 e5 8. d5 a5 9. Qc2 Nc5 10. Be3 Nh5 11. Rfd1 Nf4 12. Bc1 Bg4 13. Be3 Qf6 14. h3 Nxe2+ 15. Qxe2 Bh5 16. Bxc5 dxc5 17. Rd3 Ra6 18. d6 Rxd6 19. Rad1 Rxd3 20. Rxd3 1-0

[Event "Tancats de l'Urgell B"]
[Site "Tarrega"]
[Date "2011.04.29"]
[Round "3.5"]
[White "Turuguet Lopez, Josep Lluis"]
[Black "Cardona Alcaide, Roberto"]
[Result "0-1"]
[WhiteElo "2053"]
[BlackElo "2117"]
[PlyCount "96"]
[EventDate "2011.04.08"]
[EventType "tourn"]
[EventRounds "9"]
[EventCountry "ESP"]
[SourceTitle "EXT 2023"]
[Source "ChessBase"]
[SourceDate "2022.10.05"]
[SourceVersion "1"]
[SourceVersionDate "2022.10.05"]
[SourceQuality "1"]

1. e4 c5 2. d4 cxd4 3. c3 Nf6 4. e5 Nd5 5. Nf3 Nc6 6. cxd4 d6 7. Bc4 Nb6 8. Bb3 Bf5 9. 0-0 e6 10. d5 Nxe5 11. dxe6 fxe6 12. Nd4 Qf6 13. Nb5 Qd8 14. Nd4 Qf6 15. Be3 Be7 16. Nxf5 Qxf5 17. Bc2 Qf7 18. f4 Nc6 19. Nc3 0-0 20. Bb3 Na5 21. Bc2 Nac4 22. Bd4 e5 23. Qd3 Qh5 24. Bxb6 Nxb6 25. Nd5 Nxd5 26. Qxd5+ Kh8 27. Rf3 Rac8 28. Bxh7 Kxh7 29. Rh3 Bh4 30. g3 Rxf4 31. gxf4 Qg4+ 32. Qg2 Qxf4 33. Rf1 Qd4+ 34. Kh1 Kg8 35. Qxb7 Rf8 36. Rxf8+ Kxf8 37. Rf3+ Bf6 38. Qb3 Qe4 39. Qd1 d5 40. Kg2 Qg4+ 41. Kf1 Qc4+ 42. Qe2 Qxa2 43. Qxe5 Qb1+ 44. Kg2 Qc2+ 45. Kh3 Qh7+ 46. Kg2 Qc2+ 47. Kf1 Qd1+ 48. Qe1 Qxf3+ 0-1

[Event "Barcelona Ateneu Colon op 4th"]
[Site "Barcelona"]
[Date "2009.05.19"]
[Round "5"]
[White "Picanol Alemany, Antonio"]
[Black "Cardona Alcaide, Roberto"]
[Result "1-0"]
[WhiteElo "2288"]
[BlackElo "1904"]
[PlyCount "107"]
[EventDate "2009.04.21"]
[EventType "swiss"]
[EventRounds "9"]
[EventCountry "ESP"]
[SourceTitle "EXT 2011"]
[Source "ChessBase"]
[SourceDate "2010.11.26"]
[SourceVersion "1"]
[SourceVersionDate "2010.11.26"]
[SourceQuality "1"]

1. e4 e5 2. Nf3 Nc6 3. Bb5 a6 4. Ba4 Nf6 5. 0-0 Nxe4 6. d4 b5 7. Bb3 d5 8. dxe5 Be6 9. c3 Be7 10. Be3 0-0 11. a4 b4 12. a5 f6 13. Nd4 Nxd4 14. cxd4 fxe5 15. dxe5 Nc5 16. Bc2 Qd7 17. Bxh7+ Kh8 18. Bg6 Bg4 19. f3 Qe6 20. Bc2 b3 21. Bxb3 Nxb3 22. Qxb3 Rab8 23. Qc3 c5 24. Bxc5 Bxc5+ 25. Qxc5 Qxe5 26. Nc3 Rfc8 27. Rae1 Qf6 28. Qxd5 Rxb2 29. Ne4 Rcc2 30. Qa8+ Bc8 31. Qxc8+ Rxc8 32. Nxf6 gxf6 33. Rf2 Rb5 34. Ra2 Rcc5 35. Re6 Rxa5 36. Rxa5 Rxa5 37. Rxf6 Ra2 38. Rf7 a5 39. h4 a4 40. Kh2 a3 41. Ra7 Kg8 42. Kh3 Ra1 43. Kg4 a2 44. Kf4 Rh1 45. Rxa2 Rxh4+ 46. Kg5 Rh2 47. Ra8+ Kf7 48. Ra7+ Ke6 49. g4 Rh8 50. Rg7 Ra8 51. f4 Ra5+ 52. f5+ Ke5 53. Re7+ Kd6 54. Re4 1-0